000 00677nam a2200205 i 4500
001 95159
003 ES-MaACL
005 20250618142458.0
007 t|
008 050524s1933 sp ||||1| spa d
100 1 _aLudwig, Emil.
_974618
245 1 0 _aTres titanes
_b: (Miguel Angel, Rembrandt, Beethoven) /
_cEmil Ludwig.
260 _aBarcelona :
_bJuventud,
_c1933 (
_fClarasó)
300 _aIX, 288 p., 3 lám. ;
_c22 cm.
600 0 4 _aRembrandt Harmenszoon van Rijn,
_d1606-1669
_996120
600 1 4 _aBonaroti, Michele Angelo.
_9126055
600 1 7 _aBeethoven, Ludwig van,
_d1770-1827
_2embne
_9240507
852 _aES-MaACL
_jA-1771
999 _c95159
_d95159